000 01280nam a2200313 i 4500
001 69438
003 Mx-PuUPA
005 20220519093335.0
008 220516s2020 ilu |||fr|||| 00| 0 eng d
020 _a9780838948026
040 _aMx-PuUPA
_bspa
_cMx-PuUPA
_dMx-PuUPA
_erda
041 0 _aeng
100 1 _912604
_aArmstrong, Alison M.,
_d1978-
_eautor
245 1 4 _aThe library liaison's training guide to collections management /
_cAlison M. Armstrong, Lisa Dinkle
264 1 _aChicago :
_bALA Editions,
_bALCTS Publishing,
_c©2020
300 _ax, 102 páginas ;
_c23 cm
336 _2redacontent
_atexto
_btxt
337 _2rdamedia
_asin medio
_bn
338 _2rdacarrier
_avolumen
_bnc
490 0 _aAn ALCTS monograph
650 7 _2armarc
_aBibliotecas académicas
_xDesarrollo de colecciones
_zEstados Unidos
_vManuales, etc
650 7 _2armarc
_aBibliotecarios de enlace
_xCapacitación
_zEstados Unidos
_vManuales
650 7 _2armarc
_aBibliotecas académicas
_xRelaciones con la facultad y el currículo
_zEstados Unidos
_vManual, etc
700 1 _aDinkle, Lisa,
_eautor
942 _2ddc
_cLI
_h025.21877
_iA727
999 _c69438
_d69438